The right to development as a programming tool for development cooperation /

Guardado en:
Bibliografiske detaljer
Hovedforfatter: Weerelt, Patrick van
Format: Texto
Tags: Tilføj Tag
Ingen Tags, Vær først til at tagge denne postø!

MARC

LEADER 00000 a a2200000 04500
001 43910
003
040
100 |a Weerelt, Patrick van  
245 |a The right to development as a programming tool for development cooperation /  |c Patrick van Weerelt  
773 |g páginas 141-158  
999 |c 24803  |d 24803